| 000 | 00803nam a2200205Ia 4500 | ||
|---|---|---|---|
| 001 | 11319 | ||
| 003 | GE_BSU | ||
| 008 | 181216s||||||||xx |||||||||||||| ||und|| | ||
| 040 | _cGE_BSU | ||
| 080 | _a517.9 | ||
| 100 | _aროზენი ბ.ი. | ||
| 245 | _aდიდ მოლეკულათა სამყაროში | ||
| 245 | _cრედ: ვ.დ. გიოშვილი, მთარგმ. ვ.შ. კობიაშვილი, ც.ი. ანდღულაძე, ა.გ. სოლოღაშვილი მხატვ:ა. კანდელაკი | ||
| 260 | _aთბილისი | ||
| 260 | _bცოდნა | ||
| 260 | _c1958 | ||
| 300 | _a253გვ.25სმ. | ||
| 653 | _aდიდ მოლეკულათა სამყაროში | ||
| 942 | _cBK | ||
| 999 |
_c44516 _d44516 |
||